Score 0/30 Timer 06:00
2 Plays Today
Quote Which Toy Story? % Correct
Buzz Lightyear Mission Log: The local sheriff and I seem to be at a huge refueling station of some sort.???
68.8%
We're not aiming for the truck!???
65.6%
I have been chosen. Farewell, my friends. I go on to a better place.???
62%
Are you saying you want to lodge a complaint with Star Command????
59.5%
Buzz, will you get up here and give me a hand????
59.5%
Excuse me ma'am, but I believe you're on the wrong flight.???
54.6%
Son of a building block! It's Woody!???
47.8%
Okay boy, let's go. And keep it casual.???
47%
Who you calling busted, Buster????
45.2%
What's a cowboy without his hat????
44.4%
Oh Woody, if only you could see how much Andy misses you.???
43.9%
You are deliberately taking advantage of people in a hurry. You know that????
43.1%
No problem, buddy. You should never tangle with the unstoppable duo of Woody and Buzz Lightyear!???
42.8%
I tried reasoning with you, Woody. But you keep forcing me to take extreme measures.???
41.4%
I was close to being scared that time.???
40.5%
Quote Which Toy Story? % Correct
Remind me to glue his helmet shut when we get back.???
40.4%
Alright, nobody look till I get my cork back in!???
39.5%
Where's your kid now, Sheriff????
38.2%
He ain't the sharpest knife in the...uh...place where they keep the knives.???
37.7%
Hey, you can't hit each other. That's my job!???
37.1%
I believe it's pronounced 'Yid-nay.'???
36.6%
Hey buddy, you might wanna keep your mouth shut.???
34.8%
Yes sir, we're next month's garage sale fodder for sure.???
33.8%
Hate to leave early, but our ride is here!???
29.5%
Don't worry Commander, any doubt I had got pounded out of me at the Academy.???
28.7%
You got a date with justice, One-Eyed Bart!???
28.5%
Oh, I hate all this uncertainty!???
27.7%
Yeah, fly away, you coward.???
26.5%
No back talk! I have a laser and I will use it.???
25.6%
I don't understand. Somehow my fuel cells have gone dry.???
24.9%
Remove Ads.
Support Sporcle.
Get the best of Sporcle when you Go Orange. This ad-free experience offers more features, more stats, and more fun while also helping to support Sporcle. Thank you for becoming a member.

You're not logged in!

Compare scores with friends on all Sporcle quizzes.
OR
Log In

Show Comments

Extras

Top Quizzes Today


Score Distribution

Your Account Isn't Verified!

In order to create a playlist on Sporcle, you need to verify the email address you used during registration. Go to your Sporcle Settings to finish the process.

Report this User

Report this user for behavior that violates our Community Guidelines.

Details: